Droit de la responsabilité: responsabilités civile et pénale, responsabilités civiles, délictuelles, et quasi délictuelles, défaillances contractuelles, et professionnelles, régimes spéciaux d'indemnisation
Uloženo v:
| Hlavní autoři: | , |
|---|---|
| Médium: | Kniha |
| Jazyk: | francouzština |
| Vydáno: |
París
Dalloz
1996
|
| Edice: | Dalloz Action
|
| Témata: | |
| Tagy: |
Přidat tag
Žádné tagy, Buďte první, kdo vytvoří štítek k tomuto záznamu!
|
MARC
| LEADER | 00000nam a2200000 a 4500 | ||
|---|---|---|---|
| 001 | UCT5066 | ||
| 003 | CL-VaPUC | ||
| 008 | 961129e19960000FR |||||||||||||||||fre|d | ||
| 082 | 0 | 4 | |a 346.02 |b LET |2 21 |
| 100 | |a Le Tourneau, Philippe |e author |9 500534 | ||
| 700 | 0 | |a Cadiet, Loic |e author |9 374326 | |
| 245 | 1 | 0 | |a Droit de la responsabilité: responsabilités civile et pénale, responsabilités civiles, délictuelles, et quasi délictuelles, défaillances contractuelles, et professionnelles, régimes spéciaux d'indemnisation |
| 300 | |a 938 p | ||
| 942 | |c BK | ||
| 945 | |d 19961129 00:00:00 |a rleighto | ||
| 260 | |a París |b Dalloz |c 1996 | ||
| 650 | 0 | |a Responsabilidad |9 308399 | |
| 650 | 7 | |a RESPONSABILIDAD CIVIL |2 CL-VaPUC |9 374327 | |
| 650 | 0 | |a Responsabilidad penal |9 254899 | |
| 650 | 0 | |a Responsabilidad contractual |9 256720 | |
| 650 | 7 | |a INFRACCION PENAL |2 CL-VaPUC |9 374328 | |
| 650 | 7 | |a DERECHO |2 CL-VaPUC |9 374329 | |
| 583 | |a last modification |c 19961129 00:00:00 |k Rodrigo Vera | ||
| 490 | 0 | |a Dalloz Action | |
| 999 | |c 254087 |d 254085 | ||
| 952 | |0 0 |1 0 |4 0 |6 346_020000000000000_LET_1996 |7 0 |8 A |9 275472 |a BIBDER |b BIBDER |d 2019-11-19 |i 3253244 |o 346.02 LET 1996 |p 3253244 |r 2023-01-25 |w 2019-11-19 |y BK |k DER | ||